Nastik part. 1 & 2 / (Record no. 46892)

MARC details
000 -LEADER
fixed length control field 01002njm a22002897a 4500
005 - DATE AND TIME OF LATEST TRANSACTION
control field 20100920111623.0
007 - PHYSICAL DESCRIPTION FIXED FIELD--GENERAL INFORMATION
fixed length control field sd ammalaaahaa
008 - FIXED-LENGTH DATA ELEMENTS--GENERAL INFORMATION
fixed length control field 100913t xxu||||| |||| 00| 0 hin d
028 ## - PUBLISHER NUMBER
Publisher number ECLP. 5472
Source His Master's Voice
035 ## - SYSTEM CONTROL NUMBER
System control number GR-03400
040 ## - CATALOGING SOURCE
Original cataloging agency SED/VEN
100 ## - MAIN ENTRY--PERSONAL NAME
9 (RLIN) 19606
Personal name Mangeshkar, Lata
245 ## - TITLE STATEMENT
Title Nastik part. 1 & 2 /
Medium [sound recording] :
Statement of responsibility, etc by Lata Mangeshkar ; music C. Ramchandra ; lyric Pradeep
246 ## - VARYING FORM OF TITLE
Title proper/short title नास्तिक (लता मंगेशकर)
260 ## - PUBLICATION, DISTRIBUTION, ETC. (IMPRINT)
Place of publication, distribution, etc Dum Dum, India
Name of publisher, distributor, etc His Master's Voice
Date of publication, distribution, etc n. d.
300 ## - PHYSICAL DESCRIPTION
Extent 1 sound disc [Gramophone record] :
Other physical details analog, 33 1/3 rpm
Dimensions 12 in. (LP)
Type of unit Gramophone record
500 ## - GENERAL NOTE
General note Brief record.
500 ## - GENERAL NOTE
General note His Master's Voice
500 ## - GENERAL NOTE
General note Orange
505 ## - FORMATTED CONTENTS NOTE
Formatted contents note Gagan jhanjhana raha, Kitna badal gaya insaan
650 ## - SUBJECT ADDED ENTRY--TOPICAL TERM
Topical term or geographic name as entry element Classical Music
General subdivision Excerpts
Geographic subdivision India
9 (RLIN) 19607
Form subdivision Filmi Song
700 ## - ADDED ENTRY--PERSONAL NAME
9 (RLIN) 1184
Personal name C. Ramchandra
700 ## - ADDED ENTRY--PERSONAL NAME
9 (RLIN) 20675
Personal name Pradeep
700 ## - ADDED ENTRY--PERSONAL NAME
9 (RLIN) 19643
700 ## - ADDED ENTRY--PERSONAL NAME
9 (RLIN) 19690
942 ## - ADDED ENTRY ELEMENTS (KOHA)
Source of classification or shelving scheme Dewey Decimal Classification
Item type Gramaphone Records

No items available.


© Delhi Public Library
Hit Counter
free hit counter